Alec Benjamin songs by first line - Statistics

General Stats
  • This quiz has been taken 1,236 times
  • The average score is 18 of 30
Answer Stats
First line Song % Correct
She told me that she loved me by the water fountain Water fountain
98%
Outrunning karma That boy, Outrunning karma
91%
It was 6:48, I was walking home Boy in the Bubble
88%
I built a friend with three pieces I Built a Friend
88%
She was 19 with a baby on the way If we have eachother
85%
I've got all these demons hiding underneath Demons
83%
This night is cold in the kingdom Let me down Slowly
83%
I'm sorry that I did this If I killed someone for you
82%
Well, I shook hands with the devil Jesus in LA
81%
A paper crown And a heart made of glass Paper crown
78%
There's gotta be a reason that I'm here on Earth Gotta be a reason
77%
I know the Bible isn't perfect Steve
77%
I heard glass shatter on the wall In the apartment above mine Must have been the wind
75%
Careful as I write her name On the corner of the page Annabelle's homework
72%
I don't live in California, I'll inform you, that's not where I reside Mind is a prison
71%
This is where I broke my wrist, where I thought I could fly 1994
70%
I was in Pittsburgh when I saw Superman in the backroom Death of a hero
69%
I'm not prepared for the future Older
69%
Well, it all began in the back of her car The book of You and I
58%
Looking at the pictures I keep on my shelf Oh my God
55%
I've been falling much more deep than I wanna Swim
53%
Gabriel the oldest son He praised the Lord and married young Gabriel
48%
I'm slowly learning That the things you promised me The Knife in my Back
31%
Well my manager rang, Worst Day Of My Life
30%
The old colonel was a veteran The Colonel's Journal
24%
I'm trying to get to the bottom At the bottom
22%
It’s been 18 weeks How it Feels to be Replaced
20%
Somebody’s been going through my things Stranger to Myself
20%
I know this is coming to an end The Saddest Song
20%
Turn the TV on when I lay in bed Anesthesia
12%
No matching quizzes found
Score Distribution
Percent of People with Each Score
Percentile by Number Answered
Your Score History
You have not taken this quiz